[Event "Wch Seniors 65 30th"]
[Site "Assisi"]
[Date "2022.11.19"]
[Round "5"]
[White "Biro, Sandor"]
[Black "Shnaider, David"]
[Result "1/2-1/2"]
[WhiteElo "2084"]
[BlackElo "2225"]
[PlyCount "112"]
[EventDate "2022.11.15"]
[EventType "swiss"]
[EventRounds "11"]
[EventCountry "ITA"]
[SourceTitle "CBM 211 Extra"]
[Source "ChessBase"]
[SourceDate "2023.01.31"]
[SourceVersion "1"]
[SourceVersionDate "2023.01.31"]
[SourceQuality "1"]

1. e4 c5 2. Nf3 a6 3. c3 d6 4. d4 Nd7 5. Bc4 e6 6. 0-0 Qc7 7. Qe2 b5 8. Bd3 Bb7 9. a4 c4 10. Bc2 d5 11. exd5 Bxd5 12. axb5 axb5 13. Rxa8+ Bxa8 14. Ng5 Ngf6 15. f4 Bd6 16. Na3 Bc6 17. Nf3 0-0 18. Ne5 g6 19. Nxc6 Qxc6 20. Nb1 Nd5 21. g4 Qc7 22. f5 exf5 23. gxf5 Bf4 24. fxg6 hxg6 25. Bxf4 Nxf4 26. Qg4 Nh5 27. Nd2 Ndf6 28. Qg5 Re8 29. Nf3 Re2 30. Bd1 Rxb2 31. Ne5 Nh7 32. Qc1 Ra2 33. Rxf7 Qd8 34. Bxh5 Qh4 35. Qf4 Qxf4 36. Rxf4 gxh5 37. Rf2 Ra6 38. Rb2 Ra3 39. Rxb5 Rxc3 40. d5 Rc1+ 41. Kg2 Nf6 42. d6 c3 43. Rb8+ Kg7 44. Rb7+ Kh6 45. d7 Nxd7 46. Rxd7 c2 47. Rc7 Re1 48. Nf7+ Kg6 49. Nh8+ Kh6 50. Rxc2 Re7 51. Rc8 Kg7 52. Kf3 Re5 53. Kf4 Rd5 54. h4 Rb5 55. Re8 Ra5 56. Ke4 Rb5 1/2-1/2

[Event "Wch Seniors 65 30th"]
[Site "Assisi"]
[Date "2022.11.18"]
[Round "4"]
[White "Shnaider, David"]
[Black "Kutschenko, Roland"]
[Result "1-0"]
[WhiteElo "2225"]
[BlackElo "2022"]
[PlyCount "53"]
[EventDate "2022.11.15"]
[EventType "swiss"]
[EventRounds "11"]
[EventCountry "ITA"]
[SourceTitle "CBM 211 Extra"]
[Source "ChessBase"]
[SourceDate "2023.01.31"]
[SourceVersion "1"]
[SourceVersionDate "2023.01.31"]
[SourceQuality "1"]

1. e4 e5 2. Nc3 Bb4 3. Nge2 Nf6 4. Nd5 Ba5 5. b4 Nxd5 6. bxa5 Nf6 7. Ng3 d6 8. c3 0-0 9. Be2 a6 10. 0-0 Nc6 11. d4 h6 12. f4 exd4 13. cxd4 d5 14. e5 Ne4 15. Nxe4 dxe4 16. d5 Ne7 17. Bc4 c6 18. d6 Nf5 19. Qe1 Be6 20. Bxe6 fxe6 21. Rb1 Rf7 22. Rb6 e3 23. Bxe3 Nxe3 24. Qxe3 Qf8 25. Rf2 Kh8 26. g3 Rd8 27. Qb3 1-0

[Event "Wch Seniors 65 30th"]
[Site "Assisi"]
[Date "2022.11.17"]
[Round "3"]
[White "Nunn, John DM"]
[Black "Shnaider, David"]
[Result "1-0"]
[WhiteElo "2580"]
[BlackElo "2225"]
[PlyCount "43"]
[EventDate "2022.11.15"]
[EventType "swiss"]
[EventRounds "11"]
[EventCountry "ITA"]
[SourceTitle "CBM 211 Extra"]
[Source "ChessBase"]
[SourceDate "2023.01.31"]
[SourceVersion "1"]
[SourceVersionDate "2023.01.31"]
[SourceQuality "1"]

1. e4 c5 2. Nf3 Nc6 3. Bb5 Qb6 4. Nc3 e6 5. 0-0 Nge7 6. Re1 g6 7. Bxc6 Nxc6 8. d4 cxd4 9. Nd5 exd5 10. exd5+ Ne7 11. Bf4 d6 12. Nd2 Qa6 13. Ne4 Bg7 14. Nxd6+ Kf8 15. Qf3 f5 16. Qg3 Bd7 17. Rxe7 Kxe7 18. Qg5+ Kf8 19. Re1 Be8 20. Qe7+ Kg8 21. Qe6+ Kf8 22. Qxe8+ 1-0

[Event "Kefar Sava schev"]
[Site "Kefar Sava"]
[Date "2010.06.30"]
[Round "9"]
[White "Efroimski, Marsel"]
[Black "Shnaider, David"]
[Result "1-0"]
[WhiteElo "2170"]
[BlackElo "2247"]
[PlyCount "66"]
[EventDate "2010.06.20"]
[EventType "schev"]
[EventRounds "10"]
[EventCountry "ISR"]
[SourceTitle "CBM 137 Extra"]
[Source "ChessBase"]
[SourceDate "2010.09.01"]
[SourceVersion "1"]
[SourceVersionDate "2010.09.01"]
[SourceQuality "1"]

1. e4 d6 2. d4 Nf6 3. Nc3 e5 4. Nge2 Be7 5. f3 0-0 6. Be3 c6 7. Qd2 b5 8. g4 Nbd7 9. g5 Nh5 10. Ng3 exd4 11. Qxd4 Nxg3 12. hxg3 Bxg5 13. f4 Be7 14. 0-0-0 Qa5 15. Bd3 h6 16. e5 d5 17. Nxd5 cxd5 18. Qxd5 Rb8 19. Qe4 f5 20. exf6 Bxf6 21. Rxh6 Qxa2 22. b3 Bb2+ 23. Kd2 Nf6 24. Rxf6 Bxf6 25. Qh7+ Kf7 26. Qg6+ Ke6 27. Bc5 Rh8 28. Re1+ Kd5 29. Qf7+ Kxc5 30. b4+ Kxb4 31. Re4+ Ka3 32. Qxa7+ Kb2 33. Rb4+ Ka1 1-0

[Event "Kefar Sava schev"]
[Site "Kefar Sava"]
[Date "2010.06.24"]
[Round "5"]
[White "Beker, Cezary"]
[Black "Shnaider, David"]
[Result "1/2-1/2"]
[WhiteElo "1849"]
[BlackElo "2247"]
[PlyCount "159"]
[EventDate "2010.06.20"]
[EventType "schev"]
[EventRounds "10"]
[EventCountry "ISR"]
[SourceTitle "CBM 137 Extra"]
[Source "ChessBase"]
[SourceDate "2010.09.01"]
[SourceVersion "1"]
[SourceVersionDate "2010.09.01"]
[SourceQuality "1"]

1. e4 c5 2. Nf3 a6 3. d4 cxd4 4. Nxd4 Nf6 5. Nc3 d6 6. Be3 Ng4 7. Qd2 Nxe3 8. Qxe3 e6 9. Be2 Be7 10. 0-0 0-0 11. Rad1 Qc7 12. f4 Nc6 13. Nb3 b5 14. Bf3 b4 15. Ne2 e5 16. f5 a5 17. c3 Ba6 18. Nbc1 Rab8 19. Rfe1 h6 20. b3 Bg5 21. Qf2 bxc3 22. Nxc3 Nb4 23. Nd5 Nxd5 24. exd5 Rfc8 25. h4 Bxc1 26. Rxc1 Qxc1 27. Rxc1 Rxc1+ 28. Kh2 Rc5 29. f6 Bd3 30. fxg7 Kxg7 31. Qg3+ Kf6 32. h5 Ke7 33. Qh4+ f6 34. Qg3 Rf8 35. Qg4 f5 36. Qg7+ Rf7 37. Qxh6 Rf6 38. Qg7+ Rf7 39. Qg5+ Kd7 40. Qg6 Re7 41. h6 Rc8 42. Bg4 fxg4 43. Qxd3 e4 44. Qb5+ Kd8 45. Qb6+ Kd7 46. Qb5+ Kd8 47. Kg3 e3 48. h7 Rxh7 49. Qb6+ Kd7 50. Qxe3 Re7 51. Qa7+ Rc7 52. Qxa5 Re4 53. Qd2 Rb7 54. Qh6 Rbb4 55. Qg7+ Kd8 56. Qf6+ Kd7 57. Qc3 Rbd4 58. Qc6+ Ke7 59. Qc7+ Ke8 60. Qxd6 Rd3+ 61. Kh4 Red4 62. Qe6+ Kd8 63. Qg6 Kc7 64. Qf7+ Kd8 65. Qf6+ Ke8 66. Qe6+ Kd8 67. g3 Rxd5 68. Kxg4 R3d4+ 69. Kh3 Rd6 70. Qg8+ Kc7 71. Qh7+ Kb6 72. Qe7 Rh6+ 73. Kg2 Rhd6 74. Qe3 Kb5 75. Qe5+ Kb4 76. Qe1+ Rd2+ 77. Kh3 Ka3 78. g4 Kxa2 79. g5 Kxb3 80. Kh4 1/2-1/2

[Event "Petah Tikva"]
[Site "Petah Tikva"]
[Date "2010.03.25"]
[Round "9"]
[White "Kaganskiy, Gleb"]
[Black "Shnaider, David"]
[Result "1/2-1/2"]
[WhiteElo "2282"]
[BlackElo "2279"]
[PlyCount "40"]
[EventDate "2010.03.12"]
[EventType "tourn"]
[EventRounds "9"]
[EventCountry "ISR"]
[EventCategory "3"]
[SourceTitle "CBM 135 Extra"]
[Source "ChessBase"]
[SourceDate "2010.05.04"]
[SourceVersion "1"]
[SourceVersionDate "2010.05.04"]
[SourceQuality "1"]

1. Nf3 d5 2. d4 Nf6 3. c4 c6 4. Nc3 e6 5. Bg5 h6 6. Bxf6 Qxf6 7. e3 Nd7 8. Bd3 dxc4 9. Bxc4 g6 10. 0-0 Bg7 11. Rc1 0-0 12. Bb3 Qe7 13. Na4 e5 14. d5 e4 15. Nd4 cxd5 16. Nc3 Nf6 17. Nxd5 Nxd5 18. Bxd5 Bh3 19. Bxe4 Qxe4 20. gxh3 Rad8 1/2-1/2

[Event "Cheliabinsk CC"]
[Site "Cheliabinsk"]
[Date "2007.08.16"]
[Round "4"]
[White "Shnaider, David"]
[Black "Sotnikov, Alexander I"]
[Result "1/2-1/2"]
[WhiteElo "2290"]
[BlackElo "2224"]
[PlyCount "25"]
[EventDate "2007.07.29"]
[EventType "tourn"]
[EventRounds "5"]
[EventCountry "RUS"]
[SourceTitle "EXT 2009"]
[Source "ChessBase"]
[SourceDate "2008.11.26"]
[SourceVersion "1"]
[SourceVersionDate "2008.11.26"]
[SourceQuality "1"]

1. e4 b6 2. d4 Bb7 3. Bd3 Nf6 4. Qe2 Nc6 5. c3 d5 6. Nd2 e6 7. Ngf3 Ne7 8. e5 Nd7 9. 0-0 c6 10. c4 Ng6 11. Nb3 Be7 12. Bd2 0-0 13. Rac1 1/2-1/2

[Event "Cappelle op 11th"]
[Site "Cappelle la Grande"]
[Date "1995.??.??"]
[Round "1"]
[White "Apicella, Manuel"]
[Black "Shnaider, David"]
[Result "1-0"]
[WhiteElo "2505"]
[BlackElo "2300"]
[PlyCount "71"]
[EventDate "1995.03.??"]
[EventType "swiss"]
[EventRounds "9"]
[EventCountry "FRA"]
[SourceTitle "EXT 1997"]
[Source "ChessBase"]
[SourceDate "1996.11.15"]
[SourceVersion "1"]
[SourceVersionDate "1996.11.15"]
[SourceQuality "1"]

1. e4 c5 2. Nf3 Nc6 3. d4 cxd4 4. Nxd4 e5 5. Nb5 d6 6. c4 Be6 7. N1c3 a6 8. Na3 Be7 9. Nc2 Rc8 10. Nd5 Bg5 11. Bd3 Bxc1 12. Qxc1 Nh6 13. 0-0 0-0 14. Qe3 f5 15. f3 f4 16. Qf2 g5 17. h3 Kh8 18. Rfd1 Rg8 19. Be2 Qf8 20. Rd3 Nf7 21. Rad1 Rg6 22. b4 Ne7 23. Nb6 Rc6 24. c5 Bxa2 25. b5 axb5 26. Nb4 dxc5 27. Nd7 Qc8 28. Nxc6 Rxc6 29. Nxe5 Kg7 30. Nxc6 Qxc6 31. Rd7 Bb3 32. Bxb5 Qxb5 33. Qb2+ Kf8 34. Qf6 Nc6 35. e5 Nd4 36. e6 1-0

[Event "Cappelle op 11th"]
[Site "Cappelle la Grande"]
[Date "1995.??.??"]
[Round "6"]
[White "Shnaider, David"]
[Black "Rychagov, Mikhail"]
[Result "0-1"]
[WhiteElo "2300"]
[BlackElo "2485"]
[PlyCount "86"]
[EventDate "1995.03.??"]
[EventType "swiss"]
[EventRounds "9"]
[EventCountry "FRA"]
[SourceTitle "EXT 1997"]
[Source "ChessBase"]
[SourceDate "1996.11.15"]
[SourceVersion "1"]
[SourceVersionDate "1996.11.15"]
[SourceQuality "1"]

1. e4 c5 2. Nc3 Nc6 3. f4 g6 4. Nf3 Bg7 5. Bc4 e6 6. f5 Nge7 7. fxe6 fxe6 8. 0-0 0-0 9. d3 a6 10. a4 b6 11. Qe1 Nd4 12. Qh4 Nec6 13. Bg5 Qe8 14. Nxd4 Bxd4+ 15. Kh1 Bb7 16. Bh6 Bg7 17. Bxg7 Kxg7 18. Qg3 Qb8 19. Ne2 Qxg3 20. Nxg3 Ne5 21. Bb3 Bc6 22. Kg1 Rfb8 23. Rfd1 b5 24. axb5 axb5 25. Rxa8 Rxa8 26. d4 cxd4 27. h3 Nf7 28. Rxd4 Ra1+ 29. Kf2 Rb1 30. Ke3 Kf6 31. Rd2 Ke5 32. c4 b4 33. Bd1 Nd6 34. b3 Nb7 35. Nh1 Na5 36. Nf2 h5 37. Bc2 Re1+ 38. Re2 Rxe2+ 39. Kxe2 Kd4 40. e5 g5 41. g4 h4 42. Kd2 Bg2 43. Bd1 Nxc4+ 0-1

[Event "Cappelle op 10th"]
[Site "Cappelle la Grande"]
[Date "1994.??.??"]
[Round "6"]
[White "Shnaider, David"]
[Black "Averkin, Orest Nikolaevich"]
[Result "1/2-1/2"]
[WhiteElo "2300"]
[BlackElo "2465"]
[PlyCount "21"]
[EventDate "1994.02.??"]
[EventType "swiss"]
[EventRounds "9"]
[EventCountry "FRA"]
[SourceTitle "EXT 1999"]
[Source "ChessBase"]
[SourceDate "1998.11.16"]
[SourceVersion "1"]
[SourceVersionDate "1998.11.16"]
[SourceQuality "1"]

1. e4 c5 2. Nc3 Nc6 3. f4 e6 4. Nf3 d5 5. d3 Nge7 6. g3 g6 7. Bg2 Bg7 8. 0-0 0-0 9. h3 d4 10. Ne2 e5 11. Kh2 1/2-1/2

[Event "Cappelle op 10th"]
[Site "Cappelle la Grande"]
[Date "1994.??.??"]
[Round "4"]
[White "Shnaider, David"]
[Black "Lupu, Mircea Sergiu"]
[Result "1/2-1/2"]
[WhiteElo "2300"]
[BlackElo "2430"]
[PlyCount "64"]
[EventDate "1994.02.??"]
[EventType "swiss"]
[EventRounds "9"]
[EventCountry "FRA"]
[SourceTitle "EXT 1999"]
[Source "ChessBase"]
[SourceDate "1998.11.16"]
[SourceVersion "1"]
[SourceVersionDate "1998.11.16"]
[SourceQuality "1"]

1. e4 e6 2. d3 d5 3. Nd2 Nc6 4. Ngf3 Nf6 5. g3 Bc5 6. Bg2 0-0 7. 0-0 dxe4 8. dxe4 e5 9. h3 a5 10. a4 Qe7 11. c3 Rd8 12. Nh4 g6 13. Qf3 Be6 14. Re1 Ne8 15. Nf1 Ng7 16. Ne3 Bxe3 17. Qxe3 Rd7 18. Qh6 f6 19. f4 Rd3 20. f5 gxf5 21. exf5 Nxf5 22. Nxf5 Bxf5 23. Rf1 Bg6 24. Qh4 Rf8 25. Bh6 Rf7 26. Rae1 Qc5+ 27. Kh2 f5 28. Rd1 Qd6 29. Rxd3 Qxd3 30. Rf2 f4 31. gxf4 Bf5 32. Qg5+ Kh8 1/2-1/2

[Event "Sitges op"]
[Site "Sitges"]
[Date "1994.??.??"]
[Round "6"]
[White "Shnaider, David"]
[Black "Seepe, Udo"]
[Result "1-0"]
[WhiteElo "2300"]
[BlackElo "2180"]
[PlyCount "81"]
[EventDate "1994.??.??"]
[EventType "swiss"]
[EventRounds "9"]
[EventCountry "ESP"]
[SourceTitle "EXT 2000"]
[Source "ChessBase"]
[SourceDate "1999.11.16"]
[SourceVersion "1"]
[SourceVersionDate "1999.11.16"]
[SourceQuality "1"]

1. e4 c5 2. Nc3 Nc6 3. f4 g6 4. Nf3 Bg7 5. Bc4 e6 6. f5 gxf5 7. d3 Nge7 8. 0-0 d5 9. exd5 Nxd5 10. Bxd5 exd5 11. Bg5 Qd6 12. Nb5 Qb8 13. Qd2 Be6 14. Bf4 Ne5 15. Nxe5 Bxe5 16. Bxe5 Qxe5 17. d4 cxd4 18. Rae1 Qb8 19. Qxd4 0-0 20. Re3 Re8 21. Qb4 Bd7 22. Rg3+ Kh8 23. Nd6 Rf8 24. Qd4+ f6 25. Qxd5 Be8 26. Nxf5 Bg6 27. Nd6 Qc7 28. c4 Rad8 29. c5 b6 30. b4 Rd7 31. Qd4 bxc5 32. bxc5 Kg8 33. Rgf3 f5 34. Qc4+ Kh8 35. Qc3+ Kg8 36. Nxf5 Bxf5 37. Rxf5 Rxf5 38. Rxf5 Qd8 39. h3 Qe7 40. Qg3+ Kh8 41. Rg5 1-0

[Event "Donau Cup op"]
[Site "Budapest"]
[Date "1992.??.??"]
[Round "5"]
[White "Shnaider, David"]
[Black "Tolnai, Tibor"]
[Result "0-1"]
[WhiteElo "2285"]
[BlackElo "2490"]
[PlyCount "79"]
[EventDate "1992.??.??"]
[EventType "swiss (rapid)"]
[EventRounds "11"]
[EventCountry "HUN"]
[SourceTitle "EXT 1999"]
[Source "ChessBase"]
[SourceDate "1998.11.16"]
[SourceVersion "1"]
[SourceVersionDate "1998.11.16"]
[SourceQuality "1"]

1. e4 c5 2. Nc3 Nc6 3. f4 g6 4. Nf3 Bg7 5. Bc4 e6 6. f5 Nge7 7. fxe6 dxe6 8. 0-0 0-0 9. d3 Na5 10. Qe1 Nxc4 11. dxc4 b6 12. Qh4 Nc6 13. Bg5 f6 14. Be3 Bb7 15. Rad1 Qe7 16. e5 fxe5 17. Bg5 Bf6 18. Bxf6 Qxf6 19. Qxf6 Rxf6 20. Rd7 Ba6 21. b3 Raf8 22. Re1 R6f7 23. Rxf7 Kxf7 24. Nxe5+ Nxe5 25. Rxe5 Rd8 26. Re2 Bb7 27. Kf2 Bc6 28. Ke3 Rd4 29. g3 g5 30. Rf2+ Ke7 31. Rf1 h5 32. Ne2 Re4+ 33. Kd3 Re5 34. Nc3 Rf5 35. Re1 h4 36. gxh4 gxh4 37. Re2 Rf3+ 38. Kd2 Kf6 39. Nb5 Bxb5 40. cxb5 0-1

[Event "Donau Cup op"]
[Site "Budapest"]
[Date "1992.??.??"]
[Round "?"]
[White "Shnaider, David"]
[Black "Vigh, Bela"]
[Result "1-0"]
[WhiteElo "2285"]
[BlackElo "2370"]
[PlyCount "66"]
[EventDate "1992.??.??"]
[EventType "swiss (rapid)"]
[EventRounds "11"]
[EventCountry "HUN"]
[SourceTitle "EXT 1999"]
[Source "ChessBase"]
[SourceDate "1998.11.16"]
[SourceVersion "1"]
[SourceVersionDate "1998.11.16"]
[SourceQuality "1"]

1. e4 e6 2. d3 c5 3. g3 Nc6 4. Bg2 g6 5. Nc3 Bg7 6. f4 d6 7. Nf3 Nge7 8. 0-0 0-0 9. Be3 Nd4 10. Qd2 Nec6 11. Nh4 Qa5 12. g4 f5 13. gxf5 exf5 14. Kh1 Bf6 15. Bf2 Rb8 16. Bg3 Bd7 17. Qf2 Bg7 18. Bh3 Qd8 19. Qg2 fxe4 20. Bxd7 Qxd7 21. dxe4 Kh8 22. Rad1 Ne7 23. Nb1 Ndc6 24. c3 Rbd8 25. Nd2 Qe6 26. a3 d5 27. e5 Nf5 28. Nxf5 Rxf5 29. Nf3 Bh6 30. Qh3 Qg8 31. Qxh6 Rh5 32. Qxh5 gxh5 33. Rfe1 h6 1-0